000 00596nam a2200229Ia 4500
003 OSt
005 20220928111056.0
006 a|||||r|||| 00| 0
007 ta
008 220927b |||||||| |||| 00| 0 eng d
024 _a26502
037 _cTextual
040 _aSDCL
_cSDCL
_beng
041 _2eng
_aeng
082 _aQ127:24, F0
100 _aVidyaranya
_9407069
245 0 _aBrhadaranyakvartiksaarah.
260 _aKashi
_bAchyutagranthamala Karyalaya
_c1920
300 _a577p.
_ccm.
942 _hQ127:24, F0
_cTEXL
_2CC
999 _c737724
_d737724